MARC-detaljer
| 000 -LEADER |
| fixed length control field |
04502cam a2200901 a 4500 |
| 001 - CONTROL NUMBER |
| control field |
12508871 |
| 003 - CONTROL NUMBER IDENTIFIER |
| control field |
LIBRIS |
| 005 - DATE AND TIME OF LATEST TRANSACTION |
| control field |
20210202130300.0 |
| 008 - FIXED-LENGTH DATA ELEMENTS--GENERAL INFORMATION |
| fixed length control field |
120128s2012 sw |||||||||||000 0|swe| |
| 020 ## - INTERNATIONAL STANDARD BOOK NUMBER |
| International Standard Book Number |
9789153438175 |
| Qualifying information |
inb. |
| 035 ## - SYSTEM CONTROL NUMBER |
| System control number |
(Bo)491978 |
| 040 ## - CATALOGING SOURCE |
| Original cataloging agency |
LGEN |
| Modifying agency |
S |
| Description conventions |
a |
| 041 ## - LANGUAGE CODE |
| Language code of text/sound track or separate title |
swe |
| 082 04 - DEWEY DECIMAL CLASSIFICATION NUMBER |
| Classification number |
641.564 |
| Edition number |
23/swe |
| 084 ## - OTHER CLASSIFICATION NUMBER |
| Classification number |
Qcaa |
| Number source |
kssb/8 |
| 084 ## - OTHER CLASSIFICATION NUMBER |
| Classification number |
Måltidsakademiens biblioteksstiftelse |
| 084 ## - OTHER CLASSIFICATION NUMBER |
| Classification number |
Måltidslitteratur 2012 |
| 084 ## - OTHER CLASSIFICATION NUMBER |
| Classification number |
Kategori: Vardagsmåltider |
| 100 1# - MAIN ENTRY--PERSONAL NAME |
| Personal name |
Kleberg von Sydow, Ebba, |
| Dates associated with a name |
1981- |
| Authority record control number or standard number |
https://libris.kb.se/pm1366675gbqz4m#it |
| 245 10 - TITLE STATEMENT |
| Title |
Sommar med systrarna von Sydow : |
| Remainder of title |
[syndigt gott för vardag och fest] / |
| Statement of responsibility, etc. |
text: Ebba Kleberg von Sydow, Amy von Sydow Green ; recept: Amy von Sydow Green, Katja Palmdahl] ; foto: Tomas Yeh ; form: Lisa Kullberg. |
| 246 10 - VARYING FORM OF TITLE |
| Title proper/short title |
Systrarna von Sydow |
| 264 #1 - PRODUCTION, PUBLICATION, DISTRIBUTION, MANUFACTURE, AND COPYRIGHT NOTICE |
| Place of production, publication, distribution, manufacture |
Västerås : |
| Name of producer, publisher, distributor, manufacturer |
Ica, |
| Date of production, publication, distribution, manufacture, or copyright notice |
2012 |
| 264 #3 - PRODUCTION, PUBLICATION, DISTRIBUTION, MANUFACTURE, AND COPYRIGHT NOTICE |
| Place of production, publication, distribution, manufacture |
Slovenien |
| 300 ## - PHYSICAL DESCRIPTION |
| Extent |
158 s. |
| Other physical details |
ill. |
| Dimensions |
30 cm |
| 541 ## - IMMEDIATE SOURCE OF ACQUISITION NOTE |
| Institution to which field applies |
Gma |
| 541 ## - IMMEDIATE SOURCE OF ACQUISITION NOTE |
| Institution to which field applies |
Og |
| 650 #7 - SUBJECT ADDED ENTRY--TOPICAL TERM |
| Topical term or geographic name entry element |
Matlagning |
| Authority record control number or standard number |
https://id.kb.se/term/sao/Matlagning |
| Source of heading or term |
sao |
| 650 #7 - SUBJECT ADDED ENTRY--TOPICAL TERM |
| Topical term or geographic name entry element |
Sommaren |
| Authority record control number or standard number |
https://id.kb.se/term/sao/Sommaren |
| Source of heading or term |
sao |
| 650 #0 - SUBJECT ADDED ENTRY--TOPICAL TERM |
| Topical term or geographic name entry element |
Summer |
| 650 #0 - SUBJECT ADDED ENTRY--TOPICAL TERM |
| Topical term or geographic name entry element |
Cooking |
| 655 #7 - INDEX TERM--GENRE/FORM |
| Genre/form data or focus term |
Kokböcker |
| Authority record control number or standard number |
https://id.kb.se/term/saogf/Kokb%C3%B6cker |
| Source of term |
saogf |
| 700 1# - ADDED ENTRY--PERSONAL NAME |
| Personal name |
Sydow Green, Amy von, |
| Dates associated with a name |
1978- |
| Authority record control number or standard number |
https://libris.kb.se/0xbfmlkj5b7hzf7#it |
| 700 1# - ADDED ENTRY--PERSONAL NAME |
| Personal name |
Palmdahl, Katja, |
| Dates associated with a name |
1966- |
| Authority record control number or standard number |
https://libris.kb.se/qn25b6084z304w3#it |
| 887 ## - NON-MARC INFORMATION FIELD |
| Content of non-MARC field |
{"@id":"1kcfgm3c3pr33gr","modified":"2017-10-10T12:05:38+02:00","checksum":"181001935923"} |
| Source of data |
librisxl |
| 887 ## - NON-MARC INFORMATION FIELD |
| Content of non-MARC field |
{"@id":"48g3kdb93503pg4","modified":"2014-04-01T12:00:14+02:00","checksum":"93013878660"} |
| Source of data |
librisxl |
| 887 ## - NON-MARC INFORMATION FIELD |
| Content of non-MARC field |
{"@id":"8dl0dfxf05lncrv","modified":"2012-07-17T09:08:13+02:00","checksum":"95055255504"} |
| Source of data |
librisxl |
| 887 ## - NON-MARC INFORMATION FIELD |
| Content of non-MARC field |
{"@id":"z39pzp241vmt7sz","modified":"2012-05-14T13:45:26+02:00","checksum":"86738036805"} |
| Source of data |
librisxl |
| 887 ## - NON-MARC INFORMATION FIELD |
| Content of non-MARC field |
{"@id":"6bjzcw5c2vb4b9k","modified":"2012-06-12T15:28:15+02:00","checksum":"96708998085"} |
| Source of data |
librisxl |
| 887 ## - NON-MARC INFORMATION FIELD |
| Content of non-MARC field |
{"@id":"qv2gv0gw1h5563b","modified":"2012-05-31T10:54:41+02:00","checksum":"80927407632"} |
| Source of data |
librisxl |
| 887 ## - NON-MARC INFORMATION FIELD |
| Content of non-MARC field |
{"@id":"hmvn65cn5jpgc4q","modified":"2015-06-22T10:49:01+02:00","checksum":"91879560843"} |
| Source of data |
librisxl |
| 887 ## - NON-MARC INFORMATION FIELD |
| Content of non-MARC field |
{"@id":"x28njjj33kz9qjz","modified":"2012-04-20T17:04:41+02:00","checksum":"70328492151"} |
| Source of data |
librisxl |
| 887 ## - NON-MARC INFORMATION FIELD |
| Content of non-MARC field |
{"@id":"w17m084222drf3h","modified":"2012-05-21T15:17:30+02:00","checksum":"82736921483"} |
| Source of data |
librisxl |
| 887 ## - NON-MARC INFORMATION FIELD |
| Content of non-MARC field |
{"@id":"rw3hvqkx5lzr64z","modified":"2012-05-29T09:19:23+02:00","checksum":"114449965512"} |
| Source of data |
librisxl |
| 887 ## - NON-MARC INFORMATION FIELD |
| Content of non-MARC field |
{"@id":"qv2gqkmw4lpkmt7","modified":"2012-05-15T15:03:13+02:00","checksum":"93830497822"} |
| Source of data |
librisxl |
| 887 ## - NON-MARC INFORMATION FIELD |
| Content of non-MARC field |
{"@id":"bgn31dnh588xwcc","modified":"2012-09-12T15:06:17+02:00","checksum":"79331840151"} |
| Source of data |
librisxl |
| 887 ## - NON-MARC INFORMATION FIELD |
| Content of non-MARC field |
{"@id":"15crx7261vhffz4","modified":"2012-05-07T09:30:26+02:00","checksum":"88687894050"} |
| Source of data |
librisxl |
| 900 1s - EQUIVALENCE OR CROSS-REFERENCE-PERSONAL NAME [LOCAL, CANADA] |
| Linkage |
100 |
| Dates associated with a name |
1981- |
| Affiliation |
Kleberg von Sydow, Ebba, |
| Dates associated with a name |
1981- |
| 900 1s - EQUIVALENCE OR CROSS-REFERENCE-PERSONAL NAME [LOCAL, CANADA] |
| Linkage |
100 |
| Dates associated with a name |
1981- |
| Affiliation |
Kleberg von Sydow, Ebba, |
| Dates associated with a name |
1981- |
| 900 1s - EQUIVALENCE OR CROSS-REFERENCE-PERSONAL NAME [LOCAL, CANADA] |
| Linkage |
700 |
| Dates associated with a name |
1978- |
| Affiliation |
Sydow Green, Amy von, |
| Dates associated with a name |
1978- |
| 900 1s - EQUIVALENCE OR CROSS-REFERENCE-PERSONAL NAME [LOCAL, CANADA] |
| Linkage |
700 |
| Dates associated with a name |
1978- |
| Affiliation |
Sydow Green, Amy von, |
| Dates associated with a name |
1978- |
| 942 ## - ADDED ENTRY ELEMENTS (KOHA) |
| Source of classification or shelving scheme |
Other/Generic Classification Scheme |
| Koha item type |
Bok |